Normal view
MARC view
Entry Geographic Name
001 - CONTROL NUMBER
- control field: 23400
003 - CONTROL NUMBER IDENTIFIER
- control field: ARRUPE
005 - DATE AND TIME OF LATEST TRANSACTION
- control field: 20160324145631.0
008 - FIXED-LENGTH DATA ELEMENTS
- fixed length control field: 160324|| aca||aabn | a|a d
040 ## - CATALOGING SOURCE
- Original cataloging agency: ARRUPE
- Transcribing agency: ARRUPE
151 ## - HEADING--GEOGRAPHIC NAME
- Geographic name: Burkina Faso
- General subdivision: Politics and government
- Chronological subdivision: To 1960.
670 ## - SOURCE DATA FOUND
- Source citation: Work cat.: (ARRUPE)0: Skinner, Elliott P. (Elliott Percival), 1924-2007. 23397, The Mossi of Burkina Faso :, c1989.